000 00253cam a22000977a 4500
008 180718b xxu||||| |||| 00| 0 eng d
082 _aI5131 C414
100 _aCheema, Shabbir
245 _aDecentralization and development
_cby Shabbir Cheema
260 _a
_b
_c
999 _c357779
_d357779